000
00276nam a22001097a 4500
082
_a
621.384166 RAD'A
245
_a
THE RADIO AMATEURS HANDBOOK A STANDARD MANUAL OF AMATEUR RADIO COMMUNICATION
250
_a
50TH
260
_a
USA
_b
ARRL
_c
1973
300
_a
664P
942
_c
BK
999
_c
584244
_d
584244